Rainbow Six: Operators By Nationality. - Statistics

General Stats
  • This quiz has been taken 43 times
    40 since last reset
  • The average score is 37 of 75
Answer Stats
Hint Answer % Correct
Israeli Ash
78%
American (USA) Blackbeard
78%
English Mute
72%
German Blitz
67%
Canadian Buck
67%
Brazilian Capitao
67%
American (USA) Castle
67%
Brazilian Caveira
67%
French Doc
67%
American (USA) Pulse
67%
English Smoke
67%
German Bandit
61%
French Rook
61%
Scottish Sledge
61%
Russian Tachanka
61%
American (USA) Thermite
61%
American (USA) Valkyrie
61%
Chinese (Hong Kong) Ying
61%
Japanese Azami
56%
Argentinian Flores
56%
Canadian Frost
56%
Russian Glaz
56%
German IQ
56%
German Jager
56%
Moroccan Kaid
56%
Russian Kapkan
56%
Italian Maestro
56%
French Montagne
56%
Australian Mozzie
56%
Jordanian Oryx
56%
English Thatcher
56%
French Twitch
56%
Norwegian Ace
50%
Libyan Alibi
50%
Peruvian Amaru
50%
Uzbek Fuze
50%
Mexican Goyo
50%
Japanese Hibana
50%
Chinese (Hong Kong) Lesion
50%
South African Melusi
50%
Spanish Mira
50%
Danish Nokk
50%
Kenyan Wamai
50%
Polish Zofia
50%
Brazilian Brava
44%
South Korean Dokkaebi
44%
Japanese Echo
44%
Belarusian Finka
44%
Australian Gridlock
44%
Spanish Jackal
44%
Indian Kali
44%
French Lion
44%
South Korean Ram
44%
Various/Unspecified Sentry
44%
North Korean Vigil
44%
Thai Aruni
39%
Polish Ela
39%
Moroccan Nomad
39%
Belgian Sens
39%
Various/Unspecified Striker
39%
Irish Thorn
39%
American (USA) Zero
39%
English Clash
33%
American (USA) Deimos
33%
Swedish Fenrir
33%
Singaporean Grim
33%
Dutch Iana
33%
Croatian Osa
33%
Colombian Solis
33%
Canadian Thunderbird
33%
American (USA) Warden
33%
American (USA) Maverick
28%
Kiwi (New Zealand) Rauora
28%
Cypriot Skopos
22%
Portuguese Tubarao
22%
No matching quizzes found
Score Distribution
Percent of People with Each Score
Percentile by Number Answered
Your Score History
You have not taken this quiz since the last reset